|
|
|
|
| LEADER |
00000nab a2200000 a 4500 |
| 001 |
vtls000765571 |
| 003 |
SK-MaSNL |
| 005 |
20260304112357.0 |
| 008 |
250429c2001 xo 0 slo |
| 015 |
|
|
|a SNBRB2001/08-23947
|
| 035 |
|
|
|a CLN000117358
|
| 035 |
|
|
|a urn:nbn:sk:snk-abbuit
|
| 035 |
|
|
|a (urnnbn)urn:nbn:sk:snk:ar-001f3w
|
| 035 |
|
|
|a (uuid)e363bfce-880a-4c7b-8917-3bcff0944692
|
| 040 |
|
|
|a SNKBUCL
|b slo
|c SNKBUCL
|e AACR2
|
| 041 |
0 |
|
|a slo
|
| 044 |
|
|
|a xo
|c SK
|
| 080 |
|
|
|a 621.315.684:061.5
|2 1997
|
| 080 |
|
|
|a 681.3
|2 1997
|
| 100 |
1 |
|
|a Honský, Ján
|4 aut
|9 1414091
|
| 245 |
1 |
0 |
|a WAGO vo svete priemyslových zberníc
|c Ján Honský
|
| 300 |
|
|
|b Obr., sch.
|
| 610 |
|
7 |
|a WAGO
|x svorky elektrické
|2 snkbucl
|9 1414092
|
| 650 |
0 |
7 |
|a svorky elektrické
|2 snkbucl
|9 1273503
|
| 655 |
|
7 |
|a články z novín a časopisov
|2 snkbucl
|9 267496
|
| 773 |
0 |
|
|t AT&P journal
|g Roč. 8, č. 5 (2001), s. 32-33
|x 1335-2237
|
| 850 |
|
|
|a Slovenská národná knižnica
|
| 852 |
|
|
|a Slovenská národná knižnica
|
| 954 |
|
|
|a odborná, vedecká literatúra pôvodná (slovenská)
|2 lita
|
| 958 |
|
|
|a article15
|
| 958 |
|
|
|a OND
|
| 958 |
|
|
|a EUIPO
|
| 992 |
|
|
|a RBX
|
| 999 |
|
|
|c 2865663
|d 2867593
|